| 000 | 00804nam a2200289Ia 4500 | ||
|---|---|---|---|
| 008 | 160803s9999 xx 000 0 und d | ||
| 020 | _a978-0375846830 | ||
| 100 | _aKrosoczka, Jarrett J. | ||
| 245 | _aLunch lady and the cyborg substitute / | ||
| 245 | _cJarrett J. Krosoczka. | ||
| 260 | _aNew York : | ||
| 260 | _bScholastic Inc. | ||
| 260 | _c2009 | ||
| 300 | _a1 volume (unpaged) : | ||
| 300 | _bsome color illustrations ; | ||
| 300 | _c18 cm. | ||
| 650 | _aGraphic novels. | ||
| 650 | _aRobots -- | ||
| 650 | _aSchool lunchrooms, cafeterias, etc. -- | ||
| 650 | _aSchools -- | ||
| 650 | _aWomen food service employees -- | ||
| 650 | _xComic books, strips, etc. | ||
| 650 | _xFiction. | ||
| 650 | _xJuvenile fiction. | ||
| 650 | _xJuvenile fiction. | ||
| 700 | _a240 | ||
| 999 |
_c299633 _d299633 |
||